000 00831nas a2200253 i 4500
001 168952
003 ES-MaACL
005 20250807062551.0
008 080703 18651884sp a| | ||pa d
022 _a0212-8039
080 _a61
245 0 0 _aAnuario de medicina y cirugía prácticas para...
_b: resumen de los trabajos prácticos mas importantes publicados en...
260 _aMadrid :
_bCarlos Bailly-Bailliere,
_c1865-1884.
300 _a1 v. :
_bil. ;
_c17 cm.
310 _aAnual
362 0 _aT. 1 (1864)-(1884)
500 _aDirector, Esteban Sánchez de Ocaña.
650 0 7 _aMedicina
_2embne
_914891
700 0 _aSánchez de Ocaña, Esteban.
_9102593
785 0 0 _tAnuario de medicina y cirugía
852 _aES-MaACL
_jB-11686
_z.- Legado Gustavo Saenz Diez
866 0 _o1884
999 _c168952
_d168952